| 000 | 01443cad a22002295a 4500 | ||
|---|---|---|---|
| 001 | L143220 | ||
| 008 | 080417e20080411xxkd f s 000 0 eng d | ||
| 020 | _a9781905018543 | ||
| 035 | _a(Sirsi) u143220 | ||
| 041 | 0 | _aeng | |
| 100 | 1 | _aBretherton, Joanne | |
| 245 | 0 | 0 |
_aResidents' views of new forms of high-density affordable living _h[electronic resource] |
| 260 |
_aYork _bJRF _c2008 |
||
| 520 | _aPresents the results of research aimed at discovering residents' views of and attitudes towards high density residential developments. Considers eight case studies. Finds that the degree of decision to move into such developments varies according to tenure type. Owner occupiers had the greatest degree of choice. Although costs were generally lower, many respondents reported continuing problems with affordability. Design and architecture was viewed generally positively. Crime was still a concern and there was not felt to be a strong sense of community cohesion. More than half did not expect to stay longer than five years. Suggests improvements for future developments. | ||
| 521 | 2 | _aAdvanced | |
| 590 | _aKA | ||
| 651 | 4 |
_aUnited Kingdom _y |
|
| 690 | _aPROPERTY-RESIDENTIAL PROPERTY-DOMESTIC RESIDENTIAL PROPERTY-HOUSING | ||
| 700 | 1 | _aPleace, Nicholas | |
| 856 | 4 | 0 |
_uhttps://www.jrf.org.uk/publications/residents-views-new-forms-high-density-affordable-living _zView the item free of charge at www.jrf.org.uk |
| 942 | _n0 | ||
| 999 |
_c108108 _d108108 |
||